|
|
|
|
| LEADER |
00828pam a22002418a 4500 |
| 001 |
00025217 |
| 005 |
20171026081023.0 |
| 008 |
110801s1994 ||||||engsd |
| 020 |
# |
# |
|a 1857151925
|
| 041 |
0 |
# |
|a eng
|
| 082 |
1 |
4 |
|a 937
|b TH200D
|
| 100 |
1 |
# |
|d 1737-1794
|a Gibbon, Edward
|
| 245 |
1 |
4 |
|a The decline and fall of the Roman Empire
|c Edward Gibbon; with an introd. by Hugh Trevor-Roper
|n Vol. 4
|p (Chapters XXXVII - XLVI)
|b In 6 vol.
|
| 260 |
# |
# |
|b David Campbell publishers
|c 1994
|a London
|
| 300 |
# |
# |
|c 20 cm.
|a lxviii, 598 p.
|
| 490 |
# |
# |
|a Everyman' s Library
|
| 650 |
# |
4 |
|a Lịch sử cổ đại
|
| 650 |
# |
4 |
|a Đế Chế La Mã
|
| 852 |
# |
# |
|b Kho đọc
|j KD.0008320
|
| 852 |
# |
# |
|j KD.0008320
|
| 910 |
|
|
|d 01/08/2011
|
| 980 |
# |
# |
|a Trung tâm Học liệu Lê Vũ Hùng, Trường Đại học Đồng Tháp
|